000 00829nam a22001577a 4500
005 20230621132447.0
008 230621b ||||| |||| 00| 0 eng d
020 _a9780781743686
050 _aRD37.G667
245 _aThe Washington manual:
_bSurgery survival guide
260 _aNew York:
_bLippincott Williams and Wilkins,
_c2003
300 _axvii, 321 pages
_c20cm
500 _aincludes appendix and index
505 _aContent: keys to survival--Daily routine for the surgery intern-- Resources-- Perioperative care and conduct-- Radiology and vascular studies-- Common calls-- Common problems-- Critical care-- Nutrition-- Tubes and drains-- Surgical subspecialties: neurosurgery-- Surgical subspecialties: orthopedic surgery-- Surgical subspecialties: Urology-- Surgical subspecialties: plastic surgery
942 _2lcc
_cBK
999 _c9793
_d17293